[Event "MPJ_D18"]
[Site "?"]
[Date "2016.03.19"]
[Round "8.11"]
[White "Marczuk, Anna"]
[Black "Wilk, Oktawia"]
[Result "1-0"]
[BlackElo "1683"]
[WhiteElo "2041"]
[LiveChessVersion "1.4.8"]

1. e4 {[%clk 1:30:20]} e6 {[%clk 1:30:46]} 2. d4 {[%clk 1:30:40]} d5
{[%clk 1:31:07]} 3. Nd2 {[%clk 1:31:03]} c5 {[%clk 1:31:00]} 4. exd5
{[%clk 1:31:06]} Qxd5 {[%clk 1:31:18]} 5. Ngf3 {[%clk 1:24:04]} cxd4
{[%clk 1:30:58]} 6. Bc4 {[%clk 1:23:34]} Qd6 {[%clk 1:31:16]} 7. O-O
{[%clk 1:21:31]} Nc6 {[%clk 1:31:17]} 8. Nb3 {[%clk 1:18:55]} Nf6
{[%clk 1:31:13]} 9. Nbxd4 {[%clk 1:13:47]} Nxd4 {[%clk 1:31:09]} 10. Nxd4
{[%clk 1:11:09]} Bd7 {[%clk 1:30:24]} 11. Be3 {[%clk 1:04:22]} Qc7
{[%clk 1:27:44]} 12. Be2 {[%clk 0:54:44]} O-O-O {[%clk 1:21:43]} 13. Qd3
{[%clk 0:45:01]} Bc5 {[%clk 1:16:23]} 14. Nb3 {[%clk 0:22:44]} Bxe3
{[%clk 1:15:01]} 15. Qxe3 {[%clk 0:22:44]} Kb8 {[%clk 1:15:01]} 16. c4
{[%clk 0:21:43]} e5 {[%clk 1:11:05]} 17. Nc5 {[%clk 0:18:10]} Bc6
{[%clk 1:10:36]} 18. b4 {[%clk 0:17:29]} Rd4 {[%clk 1:05:35]} 19. f3
{[%clk 0:12:57]} Nh5 {[%clk 0:42:42]} 20. Nb3 {[%clk 0:12:05]} Rdd8
{[%clk 0:42:10]} 21. b5 {[%clk 0:11:29]} Bd7 {[%clk 0:42:15]} 22. Rfc1
{[%clk 0:07:51]} Nf4 {[%clk 0:41:26]} 23. Bf1 {[%clk 0:08:11]} Qd6
{[%clk 0:30:46]} 24. c5 {[%clk 0:06:57]} Nd5 {[%clk 0:27:13]} 25. Qe4
{[%clk 0:05:38]} f5 {[%clk 0:23:46]} 26. Qc4 {[%clk 0:05:04]} Qe6
{[%clk 0:20:33]} 27. c6 {[%clk 0:04:18]} Rc8 {[%clk 0:19:42]} 28. Nc5
{[%clk 0:04:33]} Qd6 {[%clk 0:15:34]} 29. Nxd7+ {[%clk 0:03:55]} Qxd7
{[%clk 0:15:59]} 30. cxd7 {[%clk 0:04:13]} Rxc4 {[%clk 0:16:25]} 31. Rxc4
{[%clk 0:04:33]} Nb6 {[%clk 0:16:48]} 32. Rc2 {[%clk 0:04:38]} Nxd7
{[%clk 0:17:11]} 33. Rac1 {[%clk 0:04:59]} g6 {[%clk 0:15:38]} 34. Bc4
{[%clk 0:04:40]} b6 {[%clk 0:15:46]} 35. Re1 {[%clk 0:04:47]} Re8
{[%clk 0:14:52]} 36. Rce2 {[%clk 0:04:59]} Kc7 {[%clk 0:14:18]} 37. Bd5
{[%clk 0:05:16]} Re7 {[%clk 0:14:27]} 38. Bc6 {[%clk 0:05:22]} Nb8
{[%clk 0:12:50]} 39. Rxe5 {[%clk 0:05:42]} Rxe5 {[%clk 0:13:14]} 40. Rxe5
{[%clk 0:36:03]} Nxc6 {[%clk 0:43:40]} 41. bxc6 {[%clk 0:36:25]} Kxc6
{[%clk 0:44:05]} 42. Re7 {[%clk 0:36:43]} a5 {[%clk 0:44:25]} 43. a4
{[%clk 0:36:10]} Kc5 {[%clk 0:44:48]} 44. Rxh7 {[%clk 0:36:22]} Kb4
{[%clk 0:45:13]} 45. Rb7 {[%clk 0:36:48]} Kxa4 {[%clk 0:45:37]} 46. Rxb6
{[%clk 0:37:12]} Ka3 {[%clk 0:46:00]} 47. Rxg6 {[%clk 0:37:36]} a4
{[%clk 0:46:22]} 48. Rf6 {[%clk 0:37:56]} 1-0

[Event "MPJ_D18"]
[Site "?"]
[Date "2016.03.19"]
[Round "8.12"]
[White "Posuniak, Weronika"]
[Black "Kozaczynska, Aleksandra"]
[Result "1-0"]
[BlackElo "1683"]
[WhiteElo "1731"]
[LiveChessVersion "1.4.8"]

1. d4 {[%clk 1:30:58]} Nf6 {[%clk 1:30:56]} 2. c4 {[%clk 1:31:24]} d6
{[%clk 1:31:22]} 3. Nc3 {[%clk 1:31:50]} g6 {[%clk 1:31:48]} 4. Nf3
{[%clk 1:32:02]} Bg7 {[%clk 1:32:13]} 5. g3 {[%clk 1:32:28]} Nbd7
{[%clk 1:31:46]} 6. Bg2 {[%clk 1:32:48]} O-O {[%clk 1:32:03]} 7. O-O
{[%clk 1:33:10]} e5 {[%clk 1:30:58]} 8. Qc2 {[%clk 1:32:26]} Ne8 {[%clk 1:21:07]}
9. e3 {[%clk 1:30:48]} f5 {[%clk 1:18:50]} 10. dxe5 {[%clk 1:29:11]} dxe5
{[%clk 1:18:04]} 11. Rd1 {[%clk 1:27:51]} c6 {[%clk 1:16:12]} 12. b4
{[%clk 1:21:52]} Qe7 {[%clk 1:11:03]} 13. Qb3 {[%clk 1:07:09]} Rf7
{[%clk 1:05:08]} 14. Ba3 {[%clk 0:54:15]} Bf8 {[%clk 1:02:32]} 15. c5
{[%clk 0:41:31]} h6 {[%clk 0:52:10]} 16. Bf1 {[%clk 0:40:29]} Kh7
{[%clk 0:49:52]} 17. Bc4 {[%clk 0:37:53]} Rg7 {[%clk 0:48:49]} 18. Bb2
{[%clk 0:37:44]} e4 {[%clk 0:45:30]} 19. Nd4 {[%clk 0:30:47]} Ne5
{[%clk 0:44:58]} 20. Nce2 {[%clk 0:28:29]} Nxc4 {[%clk 0:38:08]} 21. Qxc4
{[%clk 0:28:53]} Rf7 {[%clk 0:37:25]} 22. Rd2 {[%clk 0:27:07]} Nc7
{[%clk 0:36:32]} 23. Rad1 {[%clk 0:26:15]} Ne6 {[%clk 0:32:36]} 24. a4
{[%clk 0:23:04]} a5 {[%clk 0:29:33]} 25. b5 {[%clk 0:19:17]} cxb5
{[%clk 0:26:04]} 26. Qxb5 {[%clk 0:17:49]} Qxc5 {[%clk 0:24:13]} 27. Qe8
{[%clk 0:14:35]} Qe7 {[%clk 0:22:15]} 28. Qb5 {[%clk 0:14:46]} Qb4
{[%clk 0:19:10]} 29. Nxe6 {[%clk 0:12:31]} Bxe6 {[%clk 0:19:16]} 30. Qe5
{[%clk 0:12:55]} Bg7 {[%clk 0:15:28]} 31. Qxe6 {[%clk 0:13:21]} Re7
{[%clk 0:15:54]} 32. Qa2 {[%clk 0:13:19]} Rc8 {[%clk 0:15:35]} 33. Ba3
{[%clk 0:12:28]} Qxa4 {[%clk 0:13:59]} 34. Bxe7 {[%clk 0:12:46]} 1-0

[Event "MPJ_D18"]
[Site "?"]
[Date "2016.03.19"]
[Round "8.13"]
[White "Wierzbowska, Aleksandra"]
[Black "Bebel, Agnieszka"]
[Result "1-0"]
[BlackElo "1706"]
[WhiteElo "1685"]
[LiveChessVersion "1.4.8"]

1. d4 {[%clk 1:29:10]} d5 {[%clk 1:30:46]} 2. c4 {[%clk 1:29:38]} e6
{[%clk 1:30:57]} 3. Nc3 {[%clk 1:30:04]} Nf6 {[%clk 1:31:04]} 4. Bg5
{[%clk 1:30:30]} Be7 {[%clk 1:31:15]} 5. e3 {[%clk 1:30:54]} b6 {[%clk 1:31:17]}
6. cxd5 {[%clk 1:31:10]} exd5 {[%clk 1:31:29]} 7. Bd3 {[%clk 1:31:35]} Bb7
{[%clk 1:30:55]} 8. Nf3 {[%clk 1:32:00]} Nbd7 {[%clk 1:30:56]} 9. O-O
{[%clk 1:32:15]} O-O {[%clk 1:30:49]} 10. Qc2 {[%clk 1:32:41]} h6
{[%clk 1:28:17]} 11. Bh4 {[%clk 1:31:51]} c5 {[%clk 1:27:35]} 12. Rad1
{[%clk 1:31:54]} c4 {[%clk 1:14:14]} 13. Bf5 {[%clk 1:31:16]} Re8
{[%clk 1:09:56]} 14. Ne5 {[%clk 1:18:31]} Nf8 {[%clk 1:01:38]} 15. f4
{[%clk 1:06:43]} Ne4 {[%clk 0:51:05]} 16. Bxe7 {[%clk 1:05:10]} Qxe7
{[%clk 0:50:30]} 17. Nxe4 {[%clk 1:05:08]} dxe4 {[%clk 0:50:46]} 18. Qxc4
{[%clk 1:04:20]} a5 {[%clk 0:44:43]} 19. Qb3 {[%clk 1:00:45]} Qf6
{[%clk 0:40:57]} 20. Bh3 {[%clk 0:58:40]} h5 {[%clk 0:36:49]} 21. Rc1
{[%clk 0:57:36]} Re7 {[%clk 0:35:46]} 22. Rc3 {[%clk 0:53:25]} Qd6
{[%clk 0:32:07]} 23. Nc4 {[%clk 0:48:29]} Qb4 {[%clk 0:29:47]} 24. a3
{[%clk 0:43:35]} Qxb3 {[%clk 0:28:12]} 25. Rxb3 {[%clk 0:44:02]} Bd5
{[%clk 0:26:22]} 26. Rc3 {[%clk 0:43:52]} Ra6 {[%clk 0:24:20]} 27. Bc8
{[%clk 0:40:48]} Bxc4 {[%clk 0:23:16]} 28. Rxc4 {[%clk 0:41:13]} Ra8
{[%clk 0:22:17]} 29. Rfc1 {[%clk 0:41:17]} g6 {[%clk 0:19:25]} 30. Rc7
{[%clk 0:39:11]} Re8 {[%clk 0:17:42]} 31. Bh3 {[%clk 0:37:07]} f5
{[%clk 0:17:01]} 32. g3 {[%clk 0:36:29]} Rab8 {[%clk 0:14:45]} 33. Bf1
{[%clk 0:36:15]} Red8 {[%clk 0:13:59]} 34. Bc4+ {[%clk 0:36:21]} Kh8
{[%clk 0:14:17]} 35. Bf7 {[%clk 0:35:55]} Kg7 {[%clk 0:13:58]} 36. Bxg6+
{[%clk 0:35:04]} Kg8 {[%clk 0:12:24]} 37. Bxf5 {[%clk 0:34:54]} 1-0

[Event "MPJ_D18"]
[Site "?"]
[Date "2016.03.19"]
[Round "8.14"]
[White "Trybowska, Anna"]
[Black "Godek, Martyna"]
[Result "1/2-1/2"]
[BlackElo "1483"]
[WhiteElo "1573"]
[LiveChessVersion "1.4.8"]

1. d4 {[%clk 1:30:59]} d5 {[%clk 1:30:54]} 2. c4 {[%clk 1:30:57]} e6
{[%clk 1:30:59]} 3. Nc3 {[%clk 1:30:21]} Nf6 {[%clk 1:30:16]} 4. Bg5
{[%clk 1:29:26]} Be7 {[%clk 1:29:00]} 5. e3 {[%clk 1:26:00]} c6 {[%clk 1:27:49]}
6. c5 {[%clk 1:24:52]} Nbd7 {[%clk 1:27:35]} 7. Nf3 {[%clk 1:25:06]} h6
{[%clk 1:26:43]} 8. Bh4 {[%clk 1:23:30]} O-O {[%clk 1:26:19]} 9. Bd3
{[%clk 1:21:00]} b6 {[%clk 1:23:40]} 10. b4 {[%clk 1:18:20]} a5 {[%clk 1:22:31]}
11. a3 {[%clk 1:17:25]} Bb7 {[%clk 1:21:03]} 12. O-O {[%clk 1:15:11]} axb4
{[%clk 1:18:48]} 13. axb4 {[%clk 1:13:24]} bxc5 {[%clk 1:16:14]} 14. bxc5
{[%clk 1:13:31]} Rxa1 {[%clk 1:12:34]} 15. Qxa1 {[%clk 1:13:46]} Qa8
{[%clk 1:11:55]} 16. Qxa8 {[%clk 1:11:23]} Rxa8 {[%clk 1:11:56]} 17. Rb1
{[%clk 1:11:06]} Rb8 {[%clk 1:05:51]} 18. h3 {[%clk 1:07:33]} Bc8
{[%clk 1:03:04]} 19. Rxb8 {[%clk 1:06:29]} Nxb8 {[%clk 1:03:23]} 20. Bg3
{[%clk 1:06:51]} Nbd7 {[%clk 1:03:24]} 21. Ne5 {[%clk 1:07:01]} Nxe5
{[%clk 1:03:33]} 22. Bxe5 {[%clk 1:07:26]} Kf8 {[%clk 1:00:33]} 23. Kf1
{[%clk 1:07:26]} Ke8 {[%clk 1:00:16]} 24. Ke2 {[%clk 1:07:46]} Kd7
{[%clk 1:00:06]} 25. Na4 {[%clk 1:07:57]} g6 {[%clk 0:59:27]} 26. Nb6+
{[%clk 1:08:09]} Kd8 {[%clk 0:59:44]} 27. Nxc8 {[%clk 1:08:32]} Kxc8
{[%clk 1:00:09]} 28. Bxf6 {[%clk 1:08:59]} Bxf6 {[%clk 1:00:29]} 29. f4
{[%clk 1:09:15]} g5 {[%clk 0:59:16]} 30. fxg5 {[%clk 1:09:28]} hxg5
{[%clk 0:59:31]} 31. Ba6+ {[%clk 1:09:08]} Kb8 {[%clk 0:59:19]} 32. Kd3
{[%clk 1:09:32]} Bd8 {[%clk 0:59:10]} 33. Kc3 {[%clk 1:09:22]} Ba5+
{[%clk 0:59:11]} 34. Kd3 {[%clk 1:09:45]} f5 {[%clk 0:59:10]} 35. g4
{[%clk 1:07:57]} fxg4 {[%clk 0:59:19]} 36. hxg4 {[%clk 1:08:22]} Be1
{[%clk 0:59:21]} 37. Kc2 {[%clk 1:08:15]} Ba5 {[%clk 0:59:22]} 38. Kd3
{[%clk 1:08:20]} Bc7 {[%clk 0:59:32]} 39. e4 {[%clk 1:08:18]} Bf4
{[%clk 0:59:39]} 40. exd5 {[%clk 1:38:36]} exd5 {[%clk 1:30:03]} 41. Kc3
{[%clk 1:38:51]} Kc7 {[%clk 1:30:20]} 42. Kd3 {[%clk 1:39:13]} Bc1
{[%clk 1:30:38]} 43. Kc3 {[%clk 1:39:34]} 1/2-1/2

[Event "MPJ_D18"]
[Site "?"]
[Date "2016.03.19"]
[Round "8.15"]
[White "Glapa, Anna"]
[Black "Stochnialek, Dominika"]
[Result "1-0"]
[BlackElo "1448"]
[WhiteElo "1716"]
[LiveChessVersion "1.4.8"]

1. e4 {[%clk 1:30:57]} c5 {[%clk 1:30:58]} 2. Nf3 {[%clk 1:31:20]} d6
{[%clk 1:31:24]} 3. d4 {[%clk 1:31:45]} cxd4 {[%clk 1:31:51]} 4. Nxd4
{[%clk 1:32:11]} Nf6 {[%clk 1:32:17]} 5. Nc3 {[%clk 1:31:22]} g6 {[%clk 1:32:43]}
6. Be2 {[%clk 1:31:36]} Bg7 {[%clk 1:33:10]} 7. Be3 {[%clk 1:31:35]} O-O
{[%clk 1:33:34]} 8. O-O {[%clk 1:31:14]} Nc6 {[%clk 1:33:24]} 9. Qd2
{[%clk 1:23:47]} Ng4 {[%clk 1:33:00]} 10. Bxg4 {[%clk 1:20:16]} Bxg4
{[%clk 1:33:29]} 11. f4 {[%clk 1:16:52]} Bd7 {[%clk 1:12:34]} 12. f5
{[%clk 1:12:35]} Ne5 {[%clk 1:01:06]} 13. b3 {[%clk 1:04:21]} Ng4
{[%clk 0:55:46]} 14. Rad1 {[%clk 0:57:05]} Nxe3 {[%clk 0:40:08]} 15. Qxe3
{[%clk 0:57:28]} Rc8 {[%clk 0:40:21]} 16. Nd5 {[%clk 0:52:21]} Bc6
{[%clk 0:36:46]} 17. c4 {[%clk 0:47:42]} Re8 {[%clk 0:37:05]} 18. Qf4
{[%clk 0:43:53]} Bxd5 {[%clk 0:30:26]} 19. exd5 {[%clk 0:44:11]} Qb6
{[%clk 0:29:20]} 20. Kh1 {[%clk 0:42:46]} Bxd4 {[%clk 0:24:10]} 21. Rxd4
{[%clk 0:41:54]} gxf5 {[%clk 0:22:06]} 22. Qg5+ {[%clk 0:41:12]} Kh8
{[%clk 0:18:09]} 23. Rh4 {[%clk 0:40:46]} Rg8 {[%clk 0:17:56]} 24. Qxf5
{[%clk 0:41:06]} Rg7 {[%clk 0:18:44]} 25. Qxc8+ {[%clk 0:41:29]} 1-0

[Event "MPJ_D18"]
[Site "?"]
[Date "2016.03.19"]
[Round "8.16"]
[White "Knapik, Julia"]
[Black "Walkowiak, Bogumila"]
[Result "1/2-1/2"]
[BlackElo "1265"]
[WhiteElo "1527"]
[LiveChessVersion "1.4.8"]

1. e4 {[%clk 1:30:59]} e5 {[%clk 1:30:53]} 2. Nf3 {[%clk 1:31:23]} Nc6
{[%clk 1:31:18]} 3. Bb5 {[%clk 1:31:47]} a6 {[%clk 1:31:35]} 4. Ba4
{[%clk 1:32:12]} Nf6 {[%clk 1:31:44]} 5. O-O {[%clk 1:32:10]} b5 {[%clk 1:30:32]}
6. Bb3 {[%clk 1:32:31]} Be7 {[%clk 1:29:55]} 7. Re1 {[%clk 1:32:06]} d6
{[%clk 1:28:19]} 8. c3 {[%clk 1:32:08]} Na5 {[%clk 1:19:27]} 9. Bc2
{[%clk 1:32:24]} c5 {[%clk 1:18:19]} 10. h3 {[%clk 1:31:21]} O-O {[%clk 1:17:34]}
11. d4 {[%clk 1:30:42]} Qc7 {[%clk 1:15:56]} 12. Nbd2 {[%clk 1:29:23]} Re8
{[%clk 1:04:03]} 13. Nf1 {[%clk 1:24:03]} h6 {[%clk 0:50:05]} 14. Ng3
{[%clk 1:14:35]} Bf8 {[%clk 0:44:46]} 15. d5 {[%clk 1:03:29]} Nc4
{[%clk 0:37:39]} 16. Nh2 {[%clk 1:00:01]} Bd7 {[%clk 0:21:34]} 17. b3
{[%clk 0:47:38]} Nb6 {[%clk 0:21:20]} 18. Nh5 {[%clk 0:43:33]} Qd8
{[%clk 0:16:42]} 19. Re3 {[%clk 0:41:13]} Nxh5 {[%clk 0:15:27]} 20. Qxh5
{[%clk 0:41:18]} g6 {[%clk 0:15:17]} 21. Rg3 {[%clk 0:39:45]} Kh7
{[%clk 0:15:07]} 22. Qf3 {[%clk 0:38:36]} Qe7 {[%clk 0:14:59]} 23. Ng4
{[%clk 0:38:18]} Bxg4 {[%clk 0:15:23]} 24. hxg4 {[%clk 0:38:25]} Bg7
{[%clk 0:13:42]} 25. Rh3 {[%clk 0:36:17]} g5 {[%clk 0:09:20]} 26. Qf5+
{[%clk 0:24:49]} Kg8 {[%clk 0:09:42]} 27. Bd2 {[%clk 0:24:06]} Qd7
{[%clk 0:09:05]} 28. f3 {[%clk 0:21:02]} Qxf5 {[%clk 0:09:00]} 29. gxf5
{[%clk 0:21:25]} f6 {[%clk 0:09:00]} 30. Kf2 {[%clk 0:21:16]} Kf7
{[%clk 0:09:18]} 31. g3 {[%clk 0:20:19]} Rac8 {[%clk 0:04:48]} 32. Bd1
{[%clk 0:20:34]} Rh8 {[%clk 0:04:16]} 33. f4 {[%clk 0:19:27]} Rcd8
{[%clk 0:02:29]} 34. Be2 {[%clk 0:15:58]} Ra8 {[%clk 0:02:10]} 35. fxe5
{[%clk 0:14:06]} fxe5 {[%clk 0:02:29]} 36. Rhh1 {[%clk 0:11:04]} Nd7
{[%clk 0:01:54]} 37. a4 {[%clk 0:09:49]} bxa4 {[%clk 0:01:09]} 38. Rxa4
{[%clk 0:09:13]} Rhb8 {[%clk 0:01:26]} 39. Rb1 {[%clk 0:08:49]} Rb6
{[%clk 0:01:38]} 40. b4 {[%clk 0:37:24]} cxb4 {[%clk 0:31:19]} 41. Rbxb4
{[%clk 0:37:21]} a5 {[%clk 0:23:03]} 42. Rxb6 {[%clk 0:31:26]} Nxb6
{[%clk 0:23:32]} 43. Ra2 {[%clk 0:31:36]} Bf8 {[%clk 0:20:40]} 44. Bb5
{[%clk 0:27:32]} Be7 {[%clk 0:08:57]} 45. c4 {[%clk 0:19:51]} a4 {[%clk 0:08:49]}
46. Be3 {[%clk 0:18:59]} Bd8 {[%clk 0:08:33]} 47. Ke2 {[%clk 0:18:57]} Ke7
{[%clk 0:06:24]} 48. c5 {[%clk 0:17:00]} dxc5 {[%clk 0:05:38]} 49. Bxc5+
{[%clk 0:17:14]} Kf6 {[%clk 0:05:25]} 50. Bxb6 {[%clk 0:15:52]} Bxb6
{[%clk 0:05:53]} 51. Rxa4 {[%clk 0:16:05]} Rxa4 {[%clk 0:05:59]} 52. Bxa4
{[%clk 0:16:31]} h5 {[%clk 0:05:43]} 53. Be8 {[%clk 0:16:03]} h4 {[%clk 0:05:53]}
54. gxh4 {[%clk 0:16:28]} gxh4 {[%clk 0:06:09]} 55. Kf3 {[%clk 0:15:40]} Kg5
{[%clk 0:04:52]} 56. Bb5 {[%clk 0:15:40]} Bc5 {[%clk 0:04:39]} 57. Be2
{[%clk 0:10:34]} Bd6 {[%clk 0:03:47]} 58. Bf1 {[%clk 0:10:20]} Bc5
{[%clk 0:03:49]} 59. Bh3 {[%clk 0:10:33]} Bd6 {[%clk 0:03:28]} 60. Ke3
{[%clk 0:06:01]} Be7 {[%clk 0:02:31]} 61. Kf3 {[%clk 0:04:44]} Bc5
{[%clk 0:02:05]} 62. Bg2 {[%clk 0:04:27]} Bd6 {[%clk 0:02:07]} 63. f6
{[%clk 0:04:21]} Kxf6 {[%clk 0:02:15]} 64. Kg4 {[%clk 0:04:42]} Kg6
{[%clk 0:02:03]} 65. Kxh4 {[%clk 0:05:00]} Kf6 {[%clk 0:02:07]} 66. Kg4
{[%clk 0:03:41]} Bc5 {[%clk 0:02:23]} 67. Bh3 {[%clk 0:03:38]} Bd6
{[%clk 0:02:41]} 68. Kf3 {[%clk 0:03:39]} Bc5 {[%clk 0:02:40]} 69. Ke2
{[%clk 0:04:02]} Ke7 {[%clk 0:03:01]} 1/2-1/2

[Event "MPJ_D18"]
[Site "?"]
[Date "2016.03.20"]
[Round "9.1"]
[White "Jedrocha, Katarzyna"]
[Black "Wozniak, Mariola"]
[Result "0-1"]
[BlackElo "2154"]
[WhiteElo "1923"]
[LiveChessVersion "1.4.8"]

1. Nf3 {[%clk 1:30:54]} Nf6 {[%clk 1:30:47]} 2. d4 {[%clk 1:31:08]} d6
{[%clk 1:31:12]} 3. c4 {[%clk 1:31:26]} Nbd7 {[%clk 1:31:35]} 4. Nc3
{[%clk 1:31:46]} e5 {[%clk 1:31:54]} 5. Bg5 {[%clk 1:32:05]} Be7 {[%clk 1:30:45]}
6. e3 {[%clk 1:32:25]} O-O {[%clk 1:31:05]} 7. Qc2 {[%clk 1:32:44]} c6
{[%clk 1:30:01]} 8. O-O-O {[%clk 1:32:55]} Qc7 {[%clk 1:24:34]} 9. Bd3
{[%clk 1:32:54]} Re8 {[%clk 1:16:41]} 10. g4 {[%clk 1:29:56]} Nf8
{[%clk 1:07:46]} 11. h3 {[%clk 1:27:16]} a6 {[%clk 1:02:45]} 12. c5
{[%clk 1:13:47]} dxc5 {[%clk 0:55:50]} 13. Bxf6 {[%clk 1:04:47]} Bxf6
{[%clk 0:54:57]} 14. Ne4 {[%clk 0:55:01]} cxd4 {[%clk 0:41:45]} 15. Nxf6+
{[%clk 0:54:03]} gxf6 {[%clk 0:42:13]} 16. Nh4 {[%clk 0:41:20]} Qa5
{[%clk 0:39:39]} 17. Kb1 {[%clk 0:36:34]} Be6 {[%clk 0:39:49]} 18. b3
{[%clk 0:33:44]} Bd5 {[%clk 0:35:42]} 19. e4 {[%clk 0:28:40]} Be6
{[%clk 0:36:09]} 20. Qc1 {[%clk 0:28:33]} Ng6 {[%clk 0:33:35]} 21. Qh6
{[%clk 0:26:28]} Qb4 {[%clk 0:33:15]} 22. Ng2 {[%clk 0:21:11]} a5
{[%clk 0:31:31]} 23. Bc2 {[%clk 0:20:02]} a4 {[%clk 0:31:20]} 24. Rd3
{[%clk 0:20:20]} axb3 {[%clk 0:29:49]} 25. Bxb3 {[%clk 0:20:34]} Ra3
{[%clk 0:27:19]} 26. Kb2 {[%clk 0:20:06]} Rea8 {[%clk 0:27:31]} 27. Ra1
{[%clk 0:20:16]} Bxb3 {[%clk 0:27:51]} 28. Rxb3 {[%clk 0:20:34]} Rxb3+
{[%clk 0:28:17]} 29. axb3 {[%clk 0:20:58]} Qc3+ 0-1

[Event "MPJ_D18"]
[Site "?"]
[Date "2016.03.20"]
[Round "9.2"]
[White "Topolan, Agata"]
[Black "Dmochowska, Agnieszka"]
[Result "0-1"]
[BlackElo "1953"]
[WhiteElo "1889"]
[LiveChessVersion "1.4.8"]

1. d4 {[%clk 1:30:58]} Nf6 {[%clk 1:30:49]} 2. c4 {[%clk 1:31:13]} g6
{[%clk 1:31:06]} 3. Nc3 {[%clk 1:31:28]} Bg7 {[%clk 1:31:31]} 4. Nf3
{[%clk 1:31:38]} O-O {[%clk 1:31:40]} 5. Bg5 {[%clk 1:30:46]} c5 {[%clk 1:31:13]}
6. e3 {[%clk 1:27:04]} cxd4 {[%clk 1:22:24]} 7. exd4 {[%clk 1:23:49]} d5
{[%clk 1:19:33]} 8. Bxf6 {[%clk 1:12:22]} Bxf6 {[%clk 1:19:27]} 9. Nxd5
{[%clk 1:07:28]} Bg7 {[%clk 1:19:16]} 10. Ne3 {[%clk 0:59:36]} Nc6
{[%clk 1:05:32]} 11. Qc2 {[%clk 0:46:52]} Nxd4 {[%clk 0:57:50]} 12. Nxd4
{[%clk 0:46:29]} Qxd4 {[%clk 0:52:34]} 13. Rb1 {[%clk 0:41:31]} Be6
{[%clk 0:47:42]} 14. Qd3 {[%clk 0:31:43]} Qe5 {[%clk 0:45:45]} 15. Be2
{[%clk 0:30:13]} Rfd8 {[%clk 0:44:05]} 16. Qb3 {[%clk 0:28:46]} Qa5+
{[%clk 0:42:01]} 17. Kf1 {[%clk 0:28:17]} Rd2 {[%clk 0:38:04]} 18. Qxb7
{[%clk 0:23:39]} Rad8 {[%clk 0:38:20]} 19. Qb3 {[%clk 0:23:32]} Bf5
{[%clk 0:37:09]} 20. Nxf5 {[%clk 0:20:23]} Qxf5 {[%clk 0:37:23]} 21. Rd1
{[%clk 0:20:03]} Rxd1+ {[%clk 0:34:20]} 22. Bxd1 {[%clk 0:20:31]} Rd2
{[%clk 0:32:23]} 23. f4 {[%clk 0:11:33]} Qxf4+ {[%clk 0:32:32]} 24. Bf3
{[%clk 0:11:25]} Qd4 {[%clk 0:32:38]} 25. Be2 {[%clk 0:11:23]} Rxb2
{[%clk 0:30:28]} 26. Qd1 {[%clk 0:11:07]} Qf4+ {[%clk 0:30:21]} 27. Bf3
{[%clk 0:11:11]} Bd4 {[%clk 0:30:28]} 28. Ke1 {[%clk 0:09:31]} Qe3+
{[%clk 0:30:45]} 0-1

[Event "MPJ_D18"]
[Site "?"]
[Date "2016.03.20"]
[Round "9.3"]
[White "Sliwicka, Alicja"]
[Black "Antolak, Julia"]
[Result "1/2-1/2"]
[BlackElo "2087"]
[WhiteElo "2093"]
[LiveChessVersion "1.4.8"]

1. e4 {[%clk 1:30:58]} c5 {[%clk 1:30:54]} 2. Nf3 {[%clk 1:31:23]} Nc6
{[%clk 1:31:19]} 3. d4 {[%clk 1:31:45]} cxd4 {[%clk 1:31:44]} 4. Nxd4
{[%clk 1:32:10]} g6 {[%clk 1:32:10]} 5. c4 {[%clk 1:32:32]} Bg7 {[%clk 1:32:34]}
6. Be3 {[%clk 1:32:56]} Qb6 {[%clk 1:32:58]} 7. Nb5 {[%clk 1:27:54]} Qa5+
{[%clk 1:33:09]} 8. Bd2 {[%clk 1:27:08]} Qd8 {[%clk 1:32:03]} 9. Bc3
{[%clk 1:24:53]} Bxc3+ {[%clk 1:25:35]} 10. N1xc3 {[%clk 1:25:07]} a6
{[%clk 1:25:01]} 11. Nd4 {[%clk 1:24:56]} Nf6 {[%clk 1:24:11]} 12. Nxc6
{[%clk 1:24:10]} dxc6 {[%clk 1:24:00]} 13. Qc2 {[%clk 1:23:17]} e5
{[%clk 1:22:05]} 14. Be2 {[%clk 1:19:14]} O-O {[%clk 1:20:05]} 15. O-O
{[%clk 1:18:37]} Qe7 {[%clk 1:12:37]} 16. Na4 {[%clk 1:15:59]} b5
{[%clk 1:03:49]} 17. Nb6 {[%clk 1:08:58]} Rb8 {[%clk 1:02:34]} 18. Nxc8
{[%clk 1:06:43]} Rfxc8 {[%clk 1:01:33]} 19. c5 {[%clk 1:06:04]} Rd8
{[%clk 0:59:00]} 20. a4 {[%clk 1:02:45]} Rd4 {[%clk 0:55:25]} 21. axb5
{[%clk 0:59:17]} axb5 {[%clk 0:54:27]} 22. f3 {[%clk 0:57:00]} Nh5
{[%clk 0:48:54]} 23. Rfd1 {[%clk 0:47:23]} Rbd8 {[%clk 0:47:21]} 24. Rxd4
{[%clk 0:46:16]} Rxd4 {[%clk 0:46:57]} 25. g3 {[%clk 0:41:08]} Qg5
{[%clk 0:42:15]} 26. Kf2 {[%clk 0:40:03]} Qd8 {[%clk 0:35:43]} 27. Rd1
{[%clk 0:39:08]} Ng7 {[%clk 0:35:22]} 28. b4 {[%clk 0:33:04]} Ne6
{[%clk 0:35:14]} 29. Rd3 {[%clk 0:31:55]} Qa8 {[%clk 0:24:03]} 30. Rxd4
{[%clk 0:28:33]} Nxd4 {[%clk 0:23:51]} 31. Qd2 {[%clk 0:27:29]} Qa1
{[%clk 0:21:18]} 32. Bd1 {[%clk 0:24:45]} Kg7 {[%clk 0:14:22]} 33. h4
{[%clk 0:23:32]} h6 {[%clk 0:13:29]} 34. Kg2 {[%clk 0:20:46]} f5 {[%clk 0:12:29]}
35. exf5 {[%clk 0:14:19]} gxf5 {[%clk 0:12:43]} 36. Be2 {[%clk 0:12:38]} e4
{[%clk 0:10:32]} 37. fxe4 {[%clk 0:11:52]} fxe4 {[%clk 0:10:54]} 38. Bg4
{[%clk 0:11:35]} e3 {[%clk 0:02:26]} 39. Qxe3 {[%clk 0:11:20]} Qb2+
{[%clk 0:02:15]} 40. Kh3 {[%clk 0:41:07]} Qxb4 {[%clk 0:32:30]} 41. Qe7+
{[%clk 0:38:13]} Kg8 {[%clk 0:31:28]} 42. Bh5 {[%clk 0:36:38]} Qc4
{[%clk 0:30:03]} 43. Qe8+ {[%clk 0:36:43]} Kg7 {[%clk 0:29:37]} 44. Qg6+
{[%clk 0:36:59]} Kf8 {[%clk 0:29:37]} 45. Qxh6+ {[%clk 0:37:16]} Kg8
{[%clk 0:29:38]} 46. Qg6+ {[%clk 0:35:33]} Kf8 {[%clk 0:26:54]} 47. Qf6+
{[%clk 0:35:32]} Kg8 {[%clk 0:27:17]} 48. Bg6 {[%clk 0:21:38]} Qe6+
{[%clk 0:25:34]} 49. Qxe6+ {[%clk 0:22:03]} Nxe6 {[%clk 0:26:00]} 50. Be4
{[%clk 0:22:05]} Nxc5 {[%clk 0:26:22]} 51. Bxc6 {[%clk 0:22:31]} b4
{[%clk 0:26:46]} 52. Kg4 {[%clk 0:18:16]} b3 {[%clk 0:26:15]} 53. Bd5+
{[%clk 0:14:29]} Kg7 {[%clk 0:26:15]} 54. Kf5 {[%clk 0:13:59]} b2
{[%clk 0:25:26]} 55. Ba2 {[%clk 0:14:22]} Na4 {[%clk 0:25:23]} 56. Bb1
{[%clk 0:14:47]} Nc3 {[%clk 0:25:49]} 57. Bc2 {[%clk 0:15:07]} b1=Q
{[%clk 0:21:43]} 58. Bxb1 {[%clk 0:15:31]} Nxb1 {[%clk 0:22:09]} 59. g4
{[%clk 0:15:39]} Nd2 {[%clk 0:22:18]} 60. h5 {[%clk 0:15:15]} Nf3
{[%clk 0:22:35]} 61. Kf4 {[%clk 0:15:15]} Nd4 {[%clk 0:22:47]} 62. g5
{[%clk 0:14:12]} Ne6+ {[%clk 0:23:11]} 63. Kf5 {[%clk 0:14:38]} Nxg5
{[%clk 0:23:35]} 64. Kxg5 {[%clk 0:15:04]} Kh7 {[%clk 0:23:59]} 65. h6
{[%clk 0:15:28]} Kh8 {[%clk 0:24:20]} 66. Kg6 {[%clk 0:15:54]} Kg8
{[%clk 0:24:47]} 67. h7+ {[%clk 0:16:19]} Kh8 {[%clk 0:25:13]} 68. Kh6
{[%clk 0:16:45]} 1/2-1/2